Stations du tramway de Saint Etienne - Statistiques

Statistiques générales
  • Ce quiz a été pris 287 fois
    46 depuis la dernière actualisation
  • Le résultat moyen est 23 sur 40
Statistiques - réponses
Ligne(s) Station % Correct
T2 - T3 Châteaucreux
92%
T1 - T2 Place Jean Jaurès
92%
T1 - T2 Hôtel de Ville
88%
T1 Solaure
88%
T1 - T3 Centre Deux
84%
T1 - T2 Cité du Design
84%
T1 - T3 Campus Tréfilerie
80%
T1 - (T3) Hôpital Nord
80%
T1 - T2 Place Carnot
80%
T1 - T3 Bellevue
76%
T1 - T3 Terrasse
72%
T1 - T3 Anatole France
68%
T1 - T3 Bicentenaire
68%
T3 Geoffroy Guichard
68%
T1 - T3 Peuple Gambetta
68%
T2 - T3 Fourneyron
64%
T1 - T3 Bourse du Travail
60%
T1 - (T3) Musée d'Art Moderne
60%
T1 - T2 Peuple Foy
60%
T1 - T3 Roger Rocher
60%
T1 - (T3) Lycée Simone Weil
56%
T3 Soleil
56%
T3 Zénith Comédie
56%
T1 Chaléassière
52%
T2 - T3 Square Violette
52%
T1 - T2 Grand Gonnet
48%
T2 - T3 Dalgabio
44%
T1 Hôpital Bellevue
44%
T2 - T3 Peuple Libération
44%
T1 Rue Barra
44%
T1 - T3 Saint Louis
44%
T1 - (T3) Cité de l'Agriculture
40%
T2 - T3 Jean Moulin
40%
T3 Technopôle
40%
T1 - (T3) Parc Champirol
36%
T1 - T3 Quartier Grouchy
32%
T3 Colonel Marey
28%
T3 Bardot
24%
T3 Outre Furan
24%
T1 Paul Louis Courier
24%
Aucun quiz correspondant
Distribution des résultats
% des personnes avec chaque résultat
Percentile par nombre de réponses
Votre historique - résultats
Vous n’avez pas pris ce quiz depuis la dernière actualisation